Oscar Best Picture Winners #2 - Sudden Death - Statistics

General Stats
  • This quiz has been taken 35 times
  • The average score is 7 of 15
Answers on the Grid
Answers color-coded by a green-red scale on the quiz's grid according to % correct below.
Gigi
Jaws
Midnight Cowboy
A Clockwork Orange
Braveheart
Funny Girl
Schindler's List
Cleopatra
The Greatest Show on Earth
There Will Be Blood
The English Patient
Erin Brockovich
Amadeus
Life is Beautiful
Wings
In the Name of the Father
Driving Miss Daisy
To Kill a Mocking Bird
Forrest Gump
Julius Caesar
Annie Hall
Moulin Rouge
Gandhi
For Whom the Bell Tolls
The Silence of the Lambs
The Great Dictator
Rocky
The Wizard of Oz
Hamlet
The Private Life of Henry VIII
 
Answer Stats
Answer % Correct
Amadeus
69%
Forrest Gump
66%
Gandhi
66%
Schindler's List
59%
The Silence of the Lambs
55%
Braveheart
48%
Rocky
48%
Annie Hall
45%
Midnight Cowboy
45%
The English Patient
41%
Gigi
38%
Hamlet
38%
The Greatest Show on Earth
38%
Wings
38%
Driving Miss Daisy
34%
No matching quizzes found
Score Distribution
Percent of People with Each Score
Percentile by Number Answered
Your Score History
You have not taken this quiz